| 000 | 00899nam a2200301 a 4500 | ||
|---|---|---|---|
| 999 |
_c23929 _d23929 |
||
| 001 | vtls001075290 | ||
| 005 | 20250926081952.0 | ||
| 008 | 250414s1993 xo 0 slo | ||
| 020 | _a8085658038 | ||
| 035 | _aSNK000018122 | ||
| 040 |
_aSNK _bslo _cSNK _eAACR2 |
||
| 041 | 0 | _aslo | |
| 044 |
_axo _cSK |
||
| 080 |
_a37.018:26(035) _21981 |
||
| 080 |
_a26 _21981 |
||
| 100 | 1 |
_aPrvá, Eva _4aut _977 |
|
| 245 | 1 | 0 |
_aBesedy s rodičmi _cEva Prvá ; Graf. úpr. Emília Chlústiková |
| 250 | _a1. vyd. | ||
| 260 |
_aNitra _bRODINA _a[Nitra] _bMarián Kolník [vyd.] _c1993 _eBratislava _fDanubiaprint |
||
| 300 |
_a222 s. _bFotogr., lit. 6 zázn. v češ. a slov. _c21 cm |
||
| 490 | 0 | _aPro Veritate | |
| 700 | 1 |
_aChlústiková, Emília _4bkd _94833 |
|
| 958 | _aAPR | ||
| 958 | _aTL | ||
| 958 | _aNB | ||